Cambelove dni 2007 geochémia v súčasných geologických vedách : zborník príspevkov z konferencie : Remata, 18.-20. máj 2007

Bibliographic Details
Corporate Author: Cambelove dni Remata, Slovensko
Other Authors: Jurkovič, Ľubomír, 1973- (Editor)
Format: Conference Proceeding Book
Language:Slovak
Published: Bratislava Univerzita Komenského 2007
ISBN:9788022324090 (brož.)
Edition:[1. vyd.]
Subjects:

MARC

LEADER 00000nam a2200000 a 4500
001 vtls009281965
003 SK-MaSNL
005 20260301081600.0
008 160610s2007 xo obl f 100 0 slo
015 |a SNBA2008/07-03656 
020 |a 9788022324090 (brož.) 
035 |a 665710C7-3DF6-49B3-B862-10334F0DEA08 
035 |a urn:nbn:sk:snk-amkp4p 
035 |a urn:nbn:sk:snk-am005eke 
040 |a SNK  |b slo  |c SNK  |e AACR2 
041 0 |a slo  |b eng 
043 |a ec-----  |a ee----- 
044 |a xo  |c SK 
072 7 |a 550  |x Geofyzika. Geochémia. Geobiológia. Užitá geológia  |2 konspekt 
080 |a 550.4  |2 2001 
080 |a 56:551.46  |2 2001 
080 |a (4-191.2)  |2 2001 
080 |a 550.8  |2 2001 
080 |a 550.84  |2 2001 
080 |a (062.534)  |2 2001 
080 |a 55  |2 2001 
111 2 |a Cambelove dni  |d (2007 :  |c Remata, Slovensko)  |9 405090 
245 1 0 |a Cambelove dni 2007  |b geochémia v súčasných geologických vedách : zborník príspevkov z konferencie : Remata, 18.-20. máj 2007  |c editor: Ľubomír Jurkovič 
250 |a [1. vyd.] 
260 |a Bratislava  |b Univerzita Komenského  |c 2007 
366 |e 80 výt. 
500 |a Náz. z obalu 
500 |a Dokument obsahuje dve sekcie 
504 |a Bibliogr. odkazy 
505 |a Sekcia I.: Využitie geochémie v paleooceánografii -- Sekcia II.: Súčasné trendy geochemických výskumov v Západných Karpatoch 
521 |a Nepredajné 
546 |a Res. angl. 
650 0 7 |a geologické vedy  |2 SNKPH  |9 68162 
650 0 7 |a geochémia  |2 SNKPH  |9 3926 
650 0 7 |a geochemické metódy  |2 SNKPH  |9 69712 
650 0 7 |a paleooceánografia  |2 SNKPH  |9 50685 
650 0 7 |a Geological sciences  |2 SNKPHeng  |9 265422 
650 0 7 |a Geochemistry  |2 SNKPHeng  |9 341726 
650 0 7 |a Paleooceanography  |2 SNKPHeng  |9 405091 
650 0 7 |a geologický prieskum  |2 SNKPH  |9 4100 
650 0 7 |a Prospecting  |2 SNKPHeng  |9 336664 
650 0 7 |a Geochemical prospecting methods  |2 SNKPHeng  |9 405092 
651 7 |a Západné Karpaty (pohorie)  |2 SNKPH  |9 175174 
700 1 |a Jurkovič, Ľubomír,  |d 1973-  |4 edt  |9 204762 
919 |a 978-80-223-2409-0 
958 |a NB 
968 |d 55 
999 |c 656262  |d 658192 
952 |a SNK  |b SNK  |y VYP  |7 0  |p 17A0583280  |o snkSB 75939 D1  |i snk2008/7540  |8 0  |0 0  |1 0  |4 0  |d 2008-04-03  |l 0  |r 2016-06-30 00:00:00  |w 2026-02-23 
952 |a SNK  |b SNK  |y PREZ  |7 0  |p 17A0583281  |o snkSB 75939  |i snk2008/7539  |8 0  |0 0  |1 0  |4 0  |d 2008-04-03  |f 1  |l 0  |r 2025-04-30 00:00:00  |w 2026-02-23